000 00256nam a2200109Ia 4500
008 240625s9999 xx 000 0 und d
041 _aeng
082 _a658.4012 GRA
100 _aGRANT ROBERT M
245 _aCONTEMPORARY STRATEGY ANALYSIS
260 _c2014
999 _c40380
_d40380